00351nam a2200133Ia 4500003000400000008004100004020002300045040000800068100002400076245006200100260002900162300001500191365001100206LDD181029s9999 xx 000 0 und d a8181284194c695.00 cLDD aGandolfo, Giancarlo 0aInternational Trade Theory and PolicycGiancarlo Gandolfo aNew YorkbSpringerc2006 axxi, 544p. b695.00